Técnicas y práctica de las relaciones humanas : la experiencia vivencial de la dinámica de grupos /

Guardado en:
Detalles Bibliográficos
Autor principal: Vela, Jesús Andrés (autor)
Formato: Libro
Idioma:Español
Publicado: Bogotá, Colombia : Indo-American, 1972, c1972
Colección:(Experiencias ; 3)
Temas:
Etiquetas: Agrega una etiqueta
Sin etiquetas, Sé el primero en etiquetar este registro!

MARC

LEADER 00000nam^a2200000^a^4500
001 000183101
005 20250521000000.0
009 20260310102030.899
037 |a Acervo ITESO - Biblioteca 
041 |a ESP 
082 |a 302. 3  |b VEL 
100 |a Vela, Jesús Andrés  |e (autor) 
245 1 0 |a Técnicas y práctica de las relaciones humanas :  |b la experiencia vivencial de la dinámica de grupos /  |c J.A. Vela. 
264 4 |a Bogotá, Colombia :  |b Indo-American,  |c 1972, c1972 
300 |a 278 p. 
336 |a texto  |b txt  |2 rdacontenido 
337 |a sin mediación  |b n  |2 rdamedio 
338 |a volumen  |b nc  |2 rdasoporte 
440 1 |a (Experiencias ;  |v 3) 
649 |a XX 
650 |a Dinámica de Grupos -  |x Tema Principal 
650 |a Empatía 
650 |a Emoción 
650 |a Sentidos y Sensaciones 
650 |a Comunicación Personal 
650 |a Recepción y Apropiación de la Comunicación 
650 |a Interacción Social 
650 |a Comportamiento Social 
650 |a Grupos Sociales 
650 |a Conflicto (Relaciones Personales) 
650 |a Cambio de Actitud 
650 |a Problemas Sociales 
650 |a Solución de Problemas 
650 |a Aprendizaje mediante la Práctica 
650 |a Proceso Educativo 
650 |a Psicoterapia 
650 |a Psicología Social 
910 |a Fondo General 
920 |a Impresos - Libros 
930 |a Colección General 
905 |a 101 
901 |a 0500123356  |b IT1  |c ACC  |u 20250521 
902 |a https://opac.biblio.iteso.mx/vufind/Record/000183101